International management : text and cases

Αποθηκεύτηκε σε:
Λεπτομέρειες βιβλιογραφικής εγγραφής
Κύριος συγγραφέας: Beamish, Paul W. 1953-
Άλλοι συγγραφείς: Killing, J. Peter, Lecraw, Donald J., Morrison, Allen J.
Μορφή: Βιβλίο
Γλώσσα:English
Δημοσίευση: Burr Ridge, Illinois : Irwin, c1994
Έκδοση:2nd ed.
Θέματα:
Ετικέτες: Προσθήκη ετικέτας
Δεν υπάρχουν, Καταχωρήστε ετικέτα πρώτοι!

MARC

LEADER 00000nam a2200000 i 4500
001 1/50355
008 970116s1994 eng d
020 |a 0-256-11584-2 
035 |l 10026989 
040 |a GR-MY-UA  |b gre  |e aacr 
041 0 |a eng 
082 0 |a 658.049 
100 1 |a Beamish, Paul W.  |d 1953- 
245 1 0 |a International management :  |b text and cases /  |c P.W. Beamish, J. Peter Killing, D.J. Lecraw, A.J. Morrison 
250 |a 2nd ed. 
260 |a Burr Ridge, Illinois :   |b Irwin,   |c c1994 
300 |a xii, 546 σ. 
504 |a Περιλαμβάνει ευρετήριο 
650 0 0 |a International business enterprises  |x Management. 
650 0 0 |a International business enterprises  |x Management  |x Case studies. 
700 1 |a Killing, J. Peter. 
700 1 |a Lecraw, Donald J. 
700 1 |a Morrison, Allen J. 
852 |a INST  |b CHIOS  |e 19970116  |h 658.049 BEA  |p 005200010878  |q 005200010878  |t BK  |y 0 
909 |a Χ  |b 048937